书目信息 |
| 题名: |
劳动合同案例精编精析
|
|
| 作者: | 陈闯 著 | |
| 分册: | ||
| 出版信息: | 北京 中国检察出版社 2008.01 |
|
| 页数: | 320页 | |
| 开本: | 21cm | |
| 丛书名: | 劳动合同法系列丛书 | |
| 单 册: | ||
| 中图分类: | D922.525 | |
| 科图分类: | ||
| 主题词: | 劳动合同--lao dong he tong--合同法--案例--分析--中国 | |
| 电子资源: | ||
| ISBN: | 978-7-80185-867-2 | |
| 000 | 00955nam 2200253 450 | |
| 001 | 012008690167 | |
| 005 | 20080613102929.21 | |
| 010 | @a978-7-80185-867-2@dCNY26.00 | |
| 100 | @a20080613d2008 em y0chiy0120 ea | |
| 101 | 0 | @achi |
| 102 | @aCN@b110000 | |
| 105 | @ay z 000yy | |
| 106 | @ar | |
| 200 | 1 | @a劳动合同案例精编精析@Alao dong he tong an li jing bian jing xi@f陈闯著@Fchen chuang zhu |
| 210 | @a北京@c中国检察出版社@d2008.01 | |
| 215 | @a320页@d21cm | |
| 225 | 2 | @a劳动合同法系列丛书@Alao dong he tong fa xi lie cong shu |
| 330 | @a本书精选了涉及劳动合同订立、变更、解除、经济赔偿、劳务派遣等方面的典型案例加以评析,并对劳动法等相关法律法规与新颁布施行的《劳动合同法》进行了全面详尽的分析。 | |
| 410 | 0 | @12001 @a劳动合同法系列丛书 |
| 606 | 0 | @a劳动合同@Alao dong he tong@x合同法@x案例@x分析@y中国 |
| 690 | @aD922.525@v4 | |
| 701 | 0 | @a陈闯@Achen chuang@4著 |
| 801 | 0 | @aCN@bQSSK@c20080613 |
| 905 | @b727078-80@dD922.525@eC382@f3 | |
| 劳动合同案例精编精析/陈闯著.-北京:中国检察出版社,2008.01 |
| 320页;21cm.-(劳动合同法系列丛书) |
| ISBN 978-7-80185-867-2:CNY26.00 |
| 本书精选了涉及劳动合同订立、变更、解除、经济赔偿、劳务派遣等方面的典型案例加以评析,并对劳动法等相关法律法规与新颁布施行的《劳动合同法》进行了全面详尽的分析。 |
| ● |
| 相关链接 |
|
|
|
正题名:劳动合同案例精编精析
索取号:D922.525/C382
 
预约/预借
| 序号 | 登录号 | 条形码 | 馆藏地/架位号 | 状态 | 备注 |
| 1 | 727078 | 207270781 | 社科库509/509社科库 89排8列2层/ [索取号:D922.525/C382] | 在馆 | |
| 2 | 727079 | 207270790 | 社科库509/509社科库 89排8列2层/ [索取号:D922.525/C382] | 在馆 | |
| 3 | 727080 | 207270807 | 社科库509/509社科库 89排8列2层/ [索取号:D922.525/C382] | 在馆 |